MARC details
| 000 -LEADER |
| fixed length control field |
02535nam a22004213a 4500 |
| 001 - CONTROL NUMBER |
| control field |
on1245241760 |
| 003 - CONTROL NUMBER IDENTIFIER |
| control field |
OCoLC |
| 005 - DATE AND TIME OF LATEST TRANSACTION |
| control field |
20210511142246.0 |
| 008 - FIXED-LENGTH DATA ELEMENTS--GENERAL INFORMATION |
| fixed length control field |
210406s2021 utu 000 0 eng d |
| 020 ## - INTERNATIONAL STANDARD BOOK NUMBER |
| International Standard Book Number |
9781524415426 |
| 020 ## - INTERNATIONAL STANDARD BOOK NUMBER |
| International Standard Book Number |
1524415421 |
| 035 ## - SYSTEM CONTROL NUMBER |
| System control number |
(OCoLC)1245241760 |
| 040 ## - CATALOGING SOURCE |
| Original cataloging agency |
UWB |
| Transcribing agency |
UWB |
| Modifying agency |
OCLCO |
| Description conventions |
rda |
| 092 ## - LOCALLY ASSIGNED DEWEY CALL NUMBER (OCLC) |
| Classification number |
F |
| 100 1# - MAIN ENTRY--PERSONAL NAME |
| Personal name |
Moore, Heather B. |
| 9 (RLIN) |
5706815 |
| 245 10 - TITLE STATEMENT |
| Title |
Until Vienna : |
| Remainder of title |
romance on the Orient Express / |
| Statement of responsibility, etc |
Heather B. Moore. |
| 246 ## - VARYING FORM OF TITLE |
| Remainder of title |
Romance on the Orient Express |
| 246 ## - VARYING FORM OF TITLE |
| Remainder of title |
Romance on the Orient Express book three |
| 246 ## - VARYING FORM OF TITLE |
| Remainder of title |
Romance on the Orient Express book 3 |
| 264 #1 - Production, Publication, Distribution, Manufacture, and Copyright Notice. |
| Place of production, publication, distribution, manufacture |
American Fork, UT : |
| Name of producer, publisher, distributor, manufacturer |
Covenant Communications, Inc., |
| Date of production, publication, distribution, manufacture, or copyr |
2021. |
| 264 #4 - Production, Publication, Distribution, Manufacture, and Copyright Notice. |
| Date of production, publication, distribution, manufacture, or copyr |
©2021 |
| 300 ## - PHYSICAL DESCRIPTION |
| Extent |
154 pages : |
| Dimensions |
23 cm |
| 336 ## - Content Type |
| Content type term |
text |
| 337 ## - Media type |
| Media type term |
unmediated |
| 338 ## - Carrier type |
| Carrier type term |
volume |
| 490 1# - SERIES STATEMENT |
| Series statement |
Romance on the Orient Express ; |
| Volume number/sequential designation |
bk. 3. |
| 500 ## - GENERAL NOTE |
| General note |
Includes a sneak peek of Jen Geigle Johnson's romance on the Orient Express book, Song of Salzburg. |
| 520 ## - SUMMARY, ETC. |
| Summary, etc |
Georgina Ballard has been disappointed in love more than a few times, a fact that she is uncomfortably aware of amid her sister's wedding preparations. When her elderly aunt Rowena requests that Gigi accompany her on an art tour across Europe, Gigi hesitates but eventually resigns herself to the train journey alongside a group of aged art connoisseurs, if only to mollify her aunt. Once aboard the Orient Express, Gigi is pleased to discover that not everyone on the tour is in their twilight years: Clyde Haskins, an energetic young art professor from the University of London, will serve as the group s tour guide. Clyde is equally intrigued that a young lady has joined the tour, and Aunt Rowena and her friends immediately set out to play matchmaker. Clyde and Gigi both find humor in Aunt Rowena's antics despite knowing that each is determined to keep their heart carefully guarded. Yet, the enchantment of their European exploration weaves an undeniable spell between them. When their journey ends, can their holiday love story endure the obstacles of real life? |
| 650 #0 - SUBJECT ADDED ENTRY--TOPICAL TERM |
| Topical term or geographic name as entry element |
Orient Express (Express train) |
| Form subdivision |
Fiction. |
| 9 (RLIN) |
5796612 |
| 650 #0 - SUBJECT ADDED ENTRY--TOPICAL TERM |
| Topical term or geographic name as entry element |
Man-woman relationships |
| Form subdivision |
Fiction. |
| 9 (RLIN) |
5674079 |
| 650 #0 - SUBJECT ADDED ENTRY--TOPICAL TERM |
| Topical term or geographic name as entry element |
Christian fiction. |
| 650 #0 - SUBJECT ADDED ENTRY--TOPICAL TERM |
| Topical term or geographic name as entry element |
Romance fiction. |
| 650 #0 - SUBJECT ADDED ENTRY--TOPICAL TERM |
| Topical term or geographic name as entry element |
Regency fiction. |
| 9 (RLIN) |
5723710 |
| 650 #0 - SUBJECT ADDED ENTRY--TOPICAL TERM |
| Topical term or geographic name as entry element |
Christian fiction |
| General subdivision |
Mormon authors. |
| 9 (RLIN) |
6366079 |
| 650 #0 - SUBJECT ADDED ENTRY--TOPICAL TERM |
| Topical term or geographic name as entry element |
LDS fiction. |
| 830 #0 - SERIES ADDED ENTRY--UNIFORM TITLE |
| Uniform title |
Romance on the Orient Express ; |
| Volume number/sequential designation |
bk. 3. |
| 9 (RLIN) |
6394365 |
| 942 ## - ADDED ENTRY ELEMENTS (KOHA) |
| Source of classification or shelving scheme |
Dewey Decimal Classification |
| Koha item type |
BOOK |